[Event "AUTO-INT-2482"]
[Site "http://www.queenalice.com/game.php?id=1180442"]
[Date "2013.5.11"]
[Round "2"]
[White "TIKAR"]
[Black "Kavkaz95"]
[Result "1-0"]
[WhiteElo "1859"]
[BlackElo "2085"]

1. e4 e5 2. Nf3 Nc6 3. Bb5 Nf6 4. d4 exd4 5. Bxc6 dxc6 6. Qxd4 Qxd4 7. Nxd4 Nxe4
8. Bf4 Bc5 9. c3 O-O 10. O-O Bd6 11. Be3 c5 12. Nb5 Bd7 13. Nxd6 cxd6 14. f3 Nf6
15. Nd2 Nd5 16. Rae1 Rfe8 17. Bf2 Re6 18. Ne4 Bb5 19. Ng5 1-0

[Event "AUTO-INT-2482"]
[Site "http://www.queenalice.com/game.php?id=1180443"]
[Date "2013.5.11"]
[Round "2"]
[White "Kavkaz95"]
[Black "TIKAR"]
[Result "0-1"]
[WhiteElo "2109"]
[BlackElo "1832"]

1. e4 e5 2. Nf3 Nc6 3. Bc4 Nf6 4. Ng5 d5 5. exd5 Nxd5 6. Nxf7 Kxf7 7. Qf3+ Ke8
8. Bxd5 Qf6 9. Bxc6+ Qxc6 10. Qh5+ Qg6 11. Qxe5+ Be6 12. O-O Bd6 13. Qe3 Rd8 14.
d3 Rd7 15. Nc3 Kd8 16. Qxa7 Rf7 17. Ne4 Bh3 18. Ng5 Kd7 19. Nxh3 Rf5 0-1

[Event "AUTO-INT-2482"]
[Site "http://www.queenalice.com/game.php?id=1180448"]
[Date "2013.5.11"]
[Round "2"]
[White "Kavkaz95"]
[Black "TorresR"]
[Result "1-0"]
[WhiteElo "2104"]
[BlackElo "1674"]

1. e4 e5 2. Nf3 Nf6 3. Bc4 b5 4. Bxb5 c6 5. Bc4 d5 6. exd5 cxd5 7. Bb5+ Bd7 8.
Qe2 e4 9. Ne5 a6 10. Nxd7 Nbxd7 11. Ba4 Bc5 12. Nc3 O-O 13. O-O Re8 14. d3 exd3
15. Qxd3 d4 16. Ne2 Nd5 17. Nxd4 Nb4 18. Qc4 a5 19. Bxd7 Qxd7 20. Qxc5 Rac8 21.
Qb6 Nxc2 22. Nxc2 Rxc2 23. Qxa5 Ree2 24. Be3 Kf8 25. Rad1 Qe6 26. Qd8+ Qe8 27.
Qg5 1-0

[Event "AUTO-INT-2482"]
[Site "http://www.queenalice.com/game.php?id=1180449"]
[Date "2013.5.11"]
[Round "2"]
[White "TorresR"]
[Black "Kavkaz95"]
[Result "0-1"]
[WhiteElo "1729"]
[BlackElo "2054"]

1. e4 e5 2. d4 exd4 3. Nf3 Nc6 4. Bc4 d6 5. O-O Bg4 6. c3 dxc3 7. Nxc3 Bxf3 8.
Qxf3 Ne5 9. Qe2 Nxc4 10. Qxc4 c6 11. Bf4 Nf6 12. Rad1 Be7 13. Rfe1 O-O 14. e5 d5
15. Qd3 Nh5 16. Be3 Bg5 17. Ne2 Re8 18. Bxg5 Qxg5 19. f4 Nxf4 20. Qf3 Nxe2+ 21.
Qxe2 Re6 22. Rd3 Rae8 0-1

[Event "AUTO-OPEN-2875"]
[Site "http://www.queenalice.com/game.php?id=1185863"]
[Date "2013.5.29"]
[Round "2"]
[White "sovay"]
[Black "Kavkaz95"]
[Result "1-0"]
[WhiteElo "2560"]
[BlackElo "2105"]

1. e4 e5 2. f4 exf4 3. Bc4 Qh4+ 4. Kf1 Nf6 5. Nf3 Qg4 6. Bxf7+ Ke7 7. h3 Qg3 8.
Nc3 Kxf7 9. Ne2 Nxe4 10. Nxg3 Nxg3+ 11. Kg1 Nxh1 12. Kxh1 h6 13. Ne5+ Kg8 14.
Ng6 Kh7 15. Qg4 d5 16. Qxc8 Kxg6 17. Qxb7 Bc5 18. Qxa8 Re8 19. Kh2 Re1 20. h4
Bg1+ 21. Kh3 Bd4 22. h5+ Kg5 23. Qxd5+ Be5 24. g3 fxg3 25. d4+ 1-0

[Event "AUTO-OPEN-2875"]
[Site "http://www.queenalice.com/game.php?id=1185864"]
[Date "2013.5.29"]
[Round "2"]
[White "Kavkaz95"]
[Black "sovay"]
[Result "0-1"]
[WhiteElo "2047"]
[BlackElo "2561"]

1. e4 d5 2. exd5 Qxd5 3. Nc3 Qa5 4. Nf3 Nf6 5. d4 Bf5 6. Bd2 c6 7. Bc4 e6 8. O-O
Bb4 9. a3 Bxc3 10. Bxc3 Qc7 11. Re1 O-O 12. Nh4 Be4 13. f3 Bd5 14. Bd3 Nbd7 15.
Bd2 c5 16. dxc5 Nxc5 17. Bg5 Rfd8 18. Bxf6 gxf6 19. Qd2 Bc4 20. Qc3 Bxd3 21.
cxd3 Qb6 22. Kh1 Nxd3 23. Re2 Nf2+ 24. Rxf2 Qxf2 25. Qxf6 Rd5 26. f4 Rad8 27. h3
Qg3 28. Rg1 Rd1 0-1

[Event "AUTO-OPEN-2875"]
[Site "http://www.queenalice.com/game.php?id=1185867"]
[Date "2013.5.29"]
[Round "2"]
[White "Taura10"]
[Black "Kavkaz95"]
[Result "0-1"]
[WhiteElo "1972"]
[BlackElo "2104"]

1. d4 Nf6 2. c4 e6 3. Nf3 c5 4. d5 exd5 5. cxd5 Bd6 6. Nc3 O-O 7. e4 Nxe4 8.
Nxe4 Re8 9. Nd2 f5 10. Qc2 fxe4 11. Nxe4 Qh4 12. Be3 Qxe4 13. Qxe4 Rxe4 14. Bd3
Re5 15. Bc4 b6 16. O-O-O Re8 17. h4 Ba6 18. Bb3 Be2 19. Rd2 Bh5 20. Rg1 Bh2 21.
Rh1 Be5 22. f4 Bxb2+ 23. Kxb2 Rxe3 24. d6+ Kh8 25. Bd5 Nc6 26. Bxc6 dxc6 27. Rg1
Bg4 28. Rf1 Rd8 29. f5 Re2 0-1

[Event "AUTO-OPEN-2875"]
[Site "http://www.queenalice.com/game.php?id=1185868"]
[Date "2013.5.29"]
[Round "2"]
[White "Kavkaz95"]
[Black "Taura10"]
[Result "1-0"]
[WhiteElo "2114"]
[BlackElo "1983"]

1. e4 c5 2. Nf3 g6 3. c3 Nc6 4. d4 Bg7 5. Bb5 cxd4 6. cxd4 Qa5+ 7. Nc3 Nf6 8.
O-O O-O 9. e5 Ng4 10. h3 Nh6 11. Bg5 Nf5 12. g4 Nh6 13. Qd2 Nxg4 14. hxg4 Re8
15. Nd5 Rb8 16. Qxa5 Nxa5 17. Nc7 Kf8 18. Nxe8 Kxe8 19. Rac1 a6 20. Bd3 b5 21.
Rc7 Kd8 22. Rfc1 Nc6 23. R1xc6 dxc6 24. Rxe7 f6 25. exf6 Bf8 26. f7 Bxg4 27. Ne5
1-0

[Event "AUTO-OPEN-2850"]
[Site "http://www.queenalice.com/game.php?id=1186776"]
[Date "2013.6.1"]
[Round "3"]
[White "bbbdermn"]
[Black "Kavkaz95"]
[Result "0-1"]
[WhiteElo "2235"]
[BlackElo "2096"]

1. d4 Nf6 2. c4 e6 3. Nc3 c5 4. d5 exd5 5. cxd5 Bd6 6. Nf3 O-O 7. Bg5 Re8 8. e3
h6 9. Bh4 a6 10. a4 b6 11. Bc4 Bf8 12. d6 Bb7 13. O-O Nc6 14. Qb3 Na5 15. Bxf7+
Kh8 16. Qd1 Bxf3 0-1

[Event "AUTO-OPEN-2850"]
[Site "http://www.queenalice.com/game.php?id=1186777"]
[Date "2013.6.1"]
[Round "3"]
[White "Kavkaz95"]
[Black "bbbdermn"]
[Result "1-0"]
[WhiteElo "2073"]
[BlackElo "2252"]

1. e4 c5 2. Nf3 d6 3. c3 Nf6 4. Be2 g6 5. O-O Bg7 6. d3 O-O 7. Bg5 h6 8. Bh4 Nh5
9. d4 g5 10. Bg3 Nxg3 11. fxg3 cxd4 12. cxd4 Nc6 13. Bb5 Nxd4 14. Bc4 Qb6 15.
Kh1 Qxb2 16. Nbd2 1-0

[Event "AUTO-MASTER-1833"]
[Site "http://www.queenalice.com/game.php?id=1196389"]
[Date "2013.7.2"]
[Round "2"]
[White "Canuma"]
[Black "Kavkaz95"]
[Result "1-0"]
[WhiteElo "2259"]
[BlackElo "2088"]

1. e4 e5 2. Nf3 Nc6 3. Bb5 Bc5 4. c3 Nf6 5. d3 d6 6. O-O Bg4 7. d4 Bxf3 8. gxf3
exd4 9. cxd4 a6 10. Bxc6+ bxc6 11. dxc5 d5 12. exd5 cxd5 13. Re1+ Kf8 14. Nc3
1-0

[Event "AUTO-MASTER-1833"]
[Site "http://www.queenalice.com/game.php?id=1196390"]
[Date "2013.7.2"]
[Round "2"]
[White "Kavkaz95"]
[Black "Canuma"]
[Result "0-1"]
[WhiteElo "1988"]
[BlackElo "2311"]

1. e4 c5 2. Nf3 Nc6 3. Bc4 e6 4. c3 d5 5. exd5 exd5 6. Bb5 Bd6 7. d4 Nf6 8. O-O
O-O 9. h3 Qb6 10. Bxc6 bxc6 11. Nbd2 cxd4 12. Nxd4 Re8 13. N2f3 c5 14. Nb3 h6
15. Be3 Bf5 16. Nbd2 a5 17. Nb3 a4 0-1

[Event "AUTO-MASTER-1833"]
[Site "http://www.queenalice.com/game.php?id=1196391"]
[Date "2013.7.2"]
[Round "2"]
[White "davi_sales"]
[Black "Kavkaz95"]
[Result "1-0"]
[WhiteElo "2160"]
[BlackElo "1971"]

1. d4 Nf6 2. c4 e6 3. Nc3 c5 4. d5 exd5 5. cxd5 Bd6 6. Nf3 O-O 7. Bg5 Re8 8. e3
h6 9. Bh4 g5 10. Bg3 Bc7 11. Nd2 Bxg3 12. hxg3 Kg7 13. Bd3 1-0

[Event "AUTO-MASTER-1833"]
[Site "http://www.queenalice.com/game.php?id=1196392"]
[Date "2013.7.2"]
[Round "2"]
[White "Kavkaz95"]
[Black "davi_sales"]
[Result "0-1"]
[WhiteElo "1971"]
[BlackElo "2160"]

1. e4 c5 2. Nf3 d6 3. c3 Nf6 4. Be2 Bg4 5. O-O g6 6. d3 Bg7 7. Be3 O-O 8. h3 Bd7
9. Nbd2 Nc6 10. Nh2 e6 11. f4 b6 12. Kh1 Qc7 13. Bf3 Rac8 0-1

[Event "Challenge"]
[Site "http://www.queenalice.com/game.php?id=1203084"]
[Date "2013.7.27"]
[Round "-"]
[White "eddval"]
[Black "Kavkaz95"]
[Result "1-0"]
[WhiteElo "2212"]
[BlackElo "1978"]

1. d4 Nf6 2. c4 e6 3. Nf3 c5 4. d5 exd5 5. cxd5 Bd6 6. Nc3 O-O 7. e4 Re8 8. Bd3
c4 9. Bxc4 Nxe4 10. O-O Nxc3 11. bxc3 Qc7 12. Qd3 1-0

[Event "Challenge"]
[Site "http://www.queenalice.com/game.php?id=1203090"]
[Date "2013.7.27"]
[Round "-"]
[White "eddval"]
[Black "Kavkaz95"]
[Result "1-0"]
[WhiteElo "2214"]
[BlackElo "1985"]

1. e4 e5 2. Nf3 Nc6 3. d4 exd4 4. Nxd4 Bc5 5. Be3 Qf6 6. c3 Nge7 7. Bb5 O-O 8.
O-O a6 9. Nxc6 dxc6 10. Bxc5 axb5 11. Nd2 1-0